[Event "GER-chT U20"]
[Site "Duesseldorf"]
[Date "2017.12.27"]
[Round "1.2"]
[White "Ehmann, Thilo"]
[Black "Lechner, Alexander"]
[Result "1/2-1/2"]
[WhiteElo "2291"]
[BlackElo "1830"]
[PlyCount "69"]
[EventDate "2017.12.27"]
[EventType "team-swiss"]
[EventRounds "7"]
[EventCountry "GER"]
[SourceTitle "CBM 182 Extra"]
[Source "ChessBase"]
[SourceDate "2018.02.23"]
[SourceVersion "1"]
[SourceVersionDate "2018.02.23"]
[SourceQuality "1"]
[WhiteTeam "Sasbach U20"]
[BlackTeam "Duesseldorf U20"]
[WhiteTeamCountry "GER"]
[BlackTeamCountry "GER"]

1. e4 c6 2. c4 d5 3. exd5 cxd5 4. cxd5 Nf6 5. Nc3 Nxd5 6. Nf3 Nc6 7. Bb5 e6 8. 0-0 Be7 9. d4 0-0 10. Bd3 a6 11. a3 Qc7 12. Qe2 g6 13. Bh6 Rd8 14. g3 Bf6 15. Rac1 Qe7 16. Rfd1 Nxc3 17. bxc3 Qxa3 18. Ne5 Bd7 19. h4 Qe7 20. Qe3 Nxe5 21. dxe5 Bg7 22. Bg5 f6 23. exf6 Bxf6 24. Bc4 Bxg5 25. hxg5 Re8 26. Rd4 Rad8 27. Qe5 Bc8 28. Rcd1 Rxd4 29. Rxd4 b5 30. Ba2 Qa3 31. Qc7 Qc1+ 32. Kh2 Qxg5 33. Rf4 Qe7 34. Qe5 Qg7 35. Rf6 1/2-1/2

[Event "Cologne Longerich op-B 11th"]
[Site "Cologne"]
[Date "2014.08.02"]
[Round "3"]
[White "Sewald, Kathrin"]
[Black "Lechner, Alexander"]
[Result "1/2-1/2"]
[WhiteElo "1463"]
[BlackElo "1666"]
[PlyCount "117"]
[EventDate "2014.08.01"]
[EventType "swiss"]
[EventRounds "5"]
[EventCountry "GER"]
[SourceTitle "EXT 2022"]
[Source "ChessBase"]
[SourceDate "2021.10.06"]
[SourceVersion "1"]
[SourceVersionDate "2021.10.06"]
[SourceQuality "1"]

1. e4 c6 2. d4 d5 3. exd5 cxd5 4. Be3 Nf6 5. Be2 Bf5 6. Nd2 e6 7. c3 Bd6 8. Bg5 Nbd7 9. Ngf3 h6 10. Bh4 Qc7 11. 0-0 a6 12. Bg3 Bxg3 13. hxg3 0-0 14. Nh2 e5 15. Nhf3 e4 16. Ne1 Rae8 17. Nc2 Nb6 18. Ne3 Bd7 19. Rc1 Na4 20. Qc2 b5 21. b3 Nb6 22. Qb2 Rc8 23. Rc2 Be6 24. Qa3 Qb7 25. Rb1 Rc6 26. Rcc1 Rfc8 27. c4 Qc7 28. c5 Nbd7 29. b4 Nb8 30. Nb3 Qd7 31. Na5 R6c7 32. Qb2 Ng4 33. Bxg4 Bxg4 34. a3 Be6 35. Qd2 Nc6 36. Nxc6 Rxc6 37. Nd1 Bf5 38. Qe3 Rg6 39. Nc3 Be6 40. Ne2 f5 41. Nf4 Rf6 42. Nh5 Rff8 43. Nf4 g5 44. Ng6 Rf6 45. Ne5 Qg7 46. Kf1 f4 47. Qc3 fxg3 48. Qxg3 Rcf8 49. Rc2 h5 50. Kg1 h4 51. Qe3 g4 52. Kh1 g3 53. f3 exf3 54. Nxf3 Bf5 55. Rbb2 Bxc2 56. Rxc2 h3 57. Rc3 hxg2+ 58. Kxg2 Rh6 59. Rd3 1/2-1/2

[Event "Cologne Longerich op 09th"]
[Site "Cologne"]
[Date "2012.08.03"]
[Round "1"]
[White "Lechner, Alexander"]
[Black "Heinrich, Philipp"]
[Result "0-1"]
[WhiteElo "1151"]
[BlackElo "1643"]
[PlyCount "70"]
[EventDate "2012.08.03"]
[EventType "tourn"]
[EventRounds "5"]
[EventCountry "GER"]
[SourceTitle "EXT 2017"]
[Source "ChessBase"]
[SourceDate "2016.10.25"]
[SourceVersion "1"]
[SourceVersionDate "2016.10.25"]
[SourceQuality "1"]

1. e4 d5 2. e5 c5 3. Nf3 g6 4. c3 Bg7 5. Qa4+ Nc6 6. Bb5 Bd7 7. d4 cxd4 8. Nxd4 Nxe5 9. Bxd7+ Qxd7 10. Qxd7+ Kxd7 11. 0-0 e6 12. Bf4 Nd3 13. Bc1 Rc8 14. Nb5 a6 15. N5a3 Ne7 16. Rd1 Nxc1 17. Rxc1 Nf5 18. Rd1 Ke7 19. Nd2 Rhd8 20. Nf3 Nd6 21. Nc2 Nc4 22. Rab1 Ne5 23. Nfd4 Nc6 24. Nb3 b6 25. Nd2 d4 26. c4 Ne5 27. Na3 Bf8 28. b3 d3 29. Rbc1 Ke8 30. Nab1 Bh6 31. Rc3 b5 32. Ne4 b4 33. c5 bxc3 34. Nd6+ Rxd6 35. cxd6 c2 0-1